00342nam a22001457a 4500003000400000020001800004082001700022100001900039245004900058250000800107260003900115300000800154650001700162653001700179SGT a9789394102224 a616.01bT22B aBaveja, C. P.  aTextbook of Microbiology for Dental Students a6th aDelhi, IndiabArya Pub. Co. c2022 a444 aMicrobiology aMicrobiology